000 00292nam a22001217a 4500
008 180803b xxu||||| |||| 00| 0 eng d
082 _a813.52
245 _aThe Bridges of Madison County
_cWaller,R.J
260 _c1992
300 _a2
_fCassette
440 _x9781558007376
942 _2ddc
_cMX
999 _c46785
_d46785